| 000 | 00648nam a2200193 i 4500 | ||
|---|---|---|---|
| 001 | 39759 | ||
| 003 | ES-MaACL | ||
| 005 | 20240222113352.0 | ||
| 007 | t| | ||
| 008 | 030304s1981 sp ||||1| spa d | ||
| 245 | 0 | 0 |
_aCantares del 900 / _crecopilación de Manuel Barrios, antología homenaje a Fernando Villalón. |
| 260 |
_a[Sevilla : _bCaja Rural Provincial Grafitálica, _c1981] |
||
| 300 |
_a176 p., 10 lám. ; _c19 cm. |
||
| 700 | 1 |
_aVillalón, Fernando, _d1881-1930 _9114970 |
|
| 700 |
_aBarrios, Manuel, _d1924-2012 _9235239 |
||
| 852 |
_aES-MaACL _jA-10992 _bR.102251 |
||
| 852 |
_aES-MaACL _jL-1740 _bR.102250 |
||
| 999 |
_c39759 _d39759 |
||